Musical cartoons [

Bibliographic Details
Format: Book
Published: s.l : s.n , 19-
Subjects:

MARC

LEADER 00000cam a2200000 7i4500
001 0000002235
002 000002436
005 20021009.0
020 |a 000002436 
090 0 0 |a J 398.8   |b MUS 
245 0 0 |a Musical cartoons [  |h video recording] 
260 |a s.l :   |b s.n ,   |c 19- 
300 |a 1 Video recording VHS (60 minutes)) :   |b col.(PAL) 
650 0 0 |a Musical cartoons 
999 |a 00131   |b VIDEO   |c KOLEKSI AUDIO VIDEO   |e PERPUSTAKAAN KOMUNITI PETALING JAYA